ბათუმის შოთა რუსთაველის სახელმწიფო უნივერსიტეტის ბიბლიოთეკა

სოციალისტური შეჯიბრება და პროდუქციის ხარისხი : (ბიბ.ჩანაწერი № 63364)

000 -ლიდერი
ფიქსირებული სიგრძის საკონტროლო ველი 00882nam a22001937a 4500
003 - საკონტროლო ნომრის იდენტიფიკატორი
საკონტროლო ველი Ge_BSU
005 - ბოლო ოპერაციის თარიღი და დრო
საკონტროლო ველი 20250925152758.0
008 - ფიქსირებული სიგრძის მონაცემთა ელემენტები - ზოგადი ინფორმაცია
ფიქსირებული სიგრძის საკონტროლო ველი 250925s1977 ge ||||| |||| 00| 0 geo d
041 ## - ენის კოდი
Language code of text/sound track or separate title geo
080 ## - უნივერსალური ათობითი კლასიფიკაციის ინდექსი
Universal Decimal Classification number 331.101.386 : 658.562 გ-46
100 ## - მთავარი ჩანაწერი - პიროვნების სახელი
Personal name გვიშიანი, ნ.
9 (RLIN) 24963
245 ## - ცნობა სათაურის შესახებ
Title სოციალისტური შეჯიბრება და პროდუქციის ხარისხი :
Statement of responsibility, etc ნ. გვიშიანი; რედ. გ. გიგაური.
264 ## - წარმოების, გამოცემის, დისტრიბუციის და სხვა ცნობები
გამოცემის, წარმოების, დისტრიბუციის... ადგილი თბ. :
გამოცემის, წარმოების, დისტრიბუციის... სახელწოდება საბჭ. საქართველო,
გამოცემის, წარმოების, დისტრიბუციის... თარიღი 1977.
300 ## - ფიზიკური აღწერა
Extent 51გვ. ;
Other physical details 20სმ.
653 ## - INDEX TERM--UNCONTROLLED
Uncontrolled term სოციალისტური შეჯიბრება.
653 ## - INDEX TERM--UNCONTROLLED
Uncontrolled term პროდუქციის ხარისხი.
700 ## - ADDED ENTRY--PERSONAL NAME
Personal name გიგაური, გ.
Relator term რედაქტორი
9 (RLIN) 25879
942 ## - ADDED ENTRY ELEMENTS (KOHA)
Source of classification or shelving scheme
Koha item type წიგნი
ეგზემპლარები
ჩამოწერის სტატუსი დაკარგული ეგზემპლარის სტატუსი კლასიფიკაციის წყარო ან თაროზე გაწყობის სქემა დაზიანების სტატუსი არ გაიცემა მუდმივი მდებარეობა (დაცვის ადგილი) ამჟამინდელი ადგილსამყოფელი თაროზე განთავსების ადგილი შეძენის თარიღი ღირებულება, შესყიდვის ნორმალური ფასი სრული შენახვის შიფრი შტრიხკოდი ბოლო ოპერაციის თარიღი ეგზემპლარის მიმდევრობითი ნომერი (კეტერი?) ფასის ძალაში შესვლის თარიღი ეგზემპლარის სახეობა საჯარო შენიშვნა
          ბათუმის შოთა რუსთაველის სახელმწიფო უნივერსიტეტის მთავარი ბიბლიოთეკა ბათუმის შოთა რუსთაველის სახელმწიფო უნივერსიტეტის მთავარი ბიბლიოთეკა წიგნსაცავი 2025-09-25 0.70 331.101.386 : 658.562 გ-46 72448 2025-09-25 72448 2025-09-25 წიგნი 0.70 თ.
          ბათუმის შოთა რუსთაველის სახელმწიფო უნივერსიტეტის მთავარი ბიბლიოთეკა ბათუმის შოთა რუსთაველის სახელმწიფო უნივერსიტეტის მთავარი ბიბლიოთეკა წიგნსაცავი 2025-09-25 0.70 331.101.386 : 658.562 გ-46 72447 2025-09-25 72447 2025-09-25 წიგნი 0.70 თ.
          ბათუმის შოთა რუსთაველის სახელმწიფო უნივერსიტეტის მთავარი ბიბლიოთეკა ბათუმის შოთა რუსთაველის სახელმწიფო უნივერსიტეტის მთავარი ბიბლიოთეკა წიგნსაცავი 2025-09-25 0.70 331.101.386 : 658.562 გ-46 72446 2025-09-25 72446 2025-09-25 წიგნი 0.70 თ.